000 01380 a2200229 4500
001 63937
005 20260521160826.0
008 260521a1984 arg spa d
003 AR-UNSa-BCEJYS
040 _aAR-UNSa-BCEJYS
_bspa
_cAR-UNSa-BCEJYS
080 _a658.15
_xAdministración financiera privada. Gestión financiera de empresas
245 1 0 _aAdministración financiera e inflacíón
020 _a978-968-26-0447-8
264 1 _aMéxico :
_bCECSA (Compañia Editorial Continental)
_c1984
300 _a179 p.
_c22 cm.
505 _a1. La inflación, el análisis financiero y la contabilidad – 2. Contabilidad Dólares constantes, nociones preliminares – 3. Práctica contable: el FAS Núm.33 – 4. El uso de los costos de reemplazo – 5. La inflación y el empleo del pasivo – 6. La contabilidad relacionada con los niveles de precios y la valuación de las acciones – 7. El presupuesto de capital y la inflación – 8. La medición de la actuación y la inflación – 9. La aplicación de índices para considerar efectos inflacionarios – 10. Tasas de interés (estructura a largo plazo) – 11. La inflación y las empresas sujetas a vigilancia – 12. Cómo hacer frente a la inflación –
041 _aspa
942 _cBK
590 _aniveau_biblio:m niveau_hierar:0
100 1 _aBierman, Harold, Jr.
700 1 _aKelso, Florence M.
999 _c36422
_d36422